000
00329 a2200169 4500
001
175335
020
_a
040
_c
Magnum
100
_a
Gorbachev, Mikhail
240
1
0
_a
Perestroika
_l
por
245
1
0
_a
Perestroika
300
_a
299
362
0
_a
1987
440
1
_a
Moderna
697
_a
GEOGRAFIA GERAL
942
_c
BK
999
_c
175335
_d
175335